Terminology Work in the Chosen Field of Study: Air Traffic Services diplomová práca

Gespeichert in:
Bibliographische Detailangaben
1. Verfasser: Magnová, Gréta
Körperschaft: Fakulta aplikovaných jazykov EU v Bratislave. Katedra jazykovedy a translatológie
Weitere Verfasser: Štefčík, Jozef, 1976-
Format: Buch
Sprache:Englisch
Veröffentlicht: Bratislava 2024
Tags: Tag hinzufügen
Keine Tags, Fügen Sie das erste Tag hinzu!

MARC

LEADER 00000nbm a2200000 4500
001 0300564
005 20250919120122.0
041 0 |a eng 
044 |a SK 
245 1 0 |a Terminology Work in the Chosen Field of Study: Air Traffic Services  |b diplomová práca  |c Gréta Magnová ; školiteľ: Jozef Štefčík 
264 1 |a Bratislava  |c 2024 
300 |a 121 s. 
100 1 |a Magnová, Gréta 
700 1 |a Štefčík, Jozef, 1976- 
710 2 |a Fakulta aplikovaných jazykov EU v Bratislave. Katedra jazykovedy a translatológie